000
00302nam a2200121Ia 4500
008
220204s9999 xx 000 0 und d
082
_a
667.622(035)
_b
PAT
245
0
_a
Pigment handbook. 3 V.
260
_a
New York
_b
John Wiley
_c
1973
505
_a
set price
700
_a
Patton, Temple C
942
_c
BK
999
_c
25203
_d
25203